20 Największych stolic świata - Statystyki

Ogólne statystyki
  • Ten quiz został rozwiązany 47 razy
  • Średni wynik to 13 z 20
Statystyki odpowiedzi
Liczba ludności Stolica % Poprawnych
22,6 mln Pekin
92%
33,4 mln Tokio
92%
9,1 mln Londyn
90%
13,1 mln Moskwa
90%
22,7 mln Meksyk
85%
15,7 mln Buenos Aires
82%
23,1 mln Kair
82%
30,2 mln Nowe Delhi
77%
8,2 mln Bogota
74%
41,9 mln Dżakarta
74%
10,0 mln Seul
72%
9,6 mln Teheran
59%
11,2 mln Bangkok
54%
9,9 mln Lima
54%
15,2 mln Manila
54%
7,0 mln Santiago
49%
8,5 mln Hanoi
44%
36,6 mln Dhaka
41%
7,8 mln Rijad
41%
17,7 mln Kinszasa
38%
Nie znaleziono quizów pasujących do podanych kryteriów
Rozkład punktacji
Procent ludzi z każdym wynikiem
Percentyl według liczby udzielonych odpowiedzi
Twoja historia wyników
Nie rozwiązałeś tego quizu